| 000 | 00472nam a2200181Ia 4500 | ||
|---|---|---|---|
| 008 | 240925s9999 xx 000 0 und d | ||
| 020 | _a312062753 | ||
| 082 | _a301.01 NAC | ||
| 100 | _aNachmias , C.F | ||
| 245 | 0 | _aResearch Methods in the Social Sciences | |
| 250 | _aNA | ||
| 260 |
_aNew York: _bSt. Martins Press _c,1992. |
||
| 300 |
_axix,933p. _bNA _fOriginal |
||
| 500 | _aIncludes Index | ||
| 600 | _aSocial Sciences | ||
| 650 | _aSocial Sciences | ||
| 942 | _cBK | ||
| 999 |
_c9452 _d9452 |
||